Alle modernen Länder, die jemals von den Briten kontrolliert wurden - Statistiken

Allgemein
  • Dieses Quiz wurde 549 mal gespielt
  • Das Durchschnittsergebnis liegt bei 101 aus 124
Antworten auf der Karte
Die Antworten werden auf der Karte rot bzw. grün angezeigt, abhängig davon wie oft sie richtig erraten wurden.
 
Antwortstatistiken
Länder % Korrekt
Kanada
99%
Vereinigte Staaten
99%
Frankreich
97%
Indien
97%
Island
97%
Australien
96%
Irland
96%
Deutschland
95%
Südafrika
95%
Vereinigtes Königreich
95%
Ägypten
94%
Indonesien
94%
Irak
94%
Iran
94%
Madagaskar
94%
Kuba
93%
Neuseeland
93%
Pakistan
93%
Sudan
93%
China
92%
Israel
92%
Italien
92%
Japan
92%
Oman
92%
Türkei
92%
Afghanistan
91%
Libyen
91%
Österreich
91%
Sri Lanka
91%
Jemen
90%
Nepal
90%
Papua-Neuguinea
90%
Suriname
90%
Syrien
90%
Bangladesch
89%
Georgien
89%
Jordanien
89%
Myanmar
89%
Saudi-Arabien
89%
Somalia
89%
Guyana
88%
Südsudan
88%
Vereinigte Arabische Emirate
88%
Aserbaidschan
87%
Äthiopien
87%
Lesotho
87%
Malaysia
87%
Nigeria
87%
Zypern
87%
Bahamas
86%
Kroatien
86%
Libanon
86%
Namibia
86%
Belize
85%
Eritrea
85%
Ghana
85%
Katar
85%
Kenia
85%
Bhutan
84%
Jamaika
84%
Marokko
84%
Spanien
84%
Togo
84%
Albanien
83%
Armenien
83%
Kuwait
83%
Malta
83%
Panama
83%
Tansania
83%
Botswana
82%
Eswatini
82%
Argentinien
81%
Philippinen
81%
Malediven
80%
Simbabwe
80%
Singapur
80%
Bahrain
79%
Senegal
79%
Turkmenistan
79%
Uganda
79%
Belgien
78%
Dschibuti
78%
Fidschi
78%
Sambia
78%
Haiti
76%
Kamerun
76%
Montenegro
76%
Uruguay
76%
Honduras
75%
Sierra Leone
75%
Seychellen
74%
Mauritius
73%
Nicaragua
73%
Dänemark
72%
Malawi
72%
Trinidad und Tobago
72%
Barbados
71%
Kiribati
71%
St. Lucia
71%
Brasilien
70%
Benin
69%
Gambia
69%
Mauretanien
69%
St. Vincent und die Grenadinen
69%
Tonga
69%
Tuvalu
69%
Vanuatu
69%
Nauru
68%
St. Kitts und Nevis
68%
Grenada
67%
Guinea-Bissau
67%
Portugal
67%
Ruanda
67%
Salomonen
67%
Samoa
67%
Antigua und Barbuda
66%
Griechenland
65%
Vietnam
64%
Dominica
61%
Niederlande
56%
Brunei
53%
Äquatorial-Guinea
51%
Venezuela
51%
Kolumbien
49%
Keine übereinstimmenden Quizze gefunden
Verteilung der Resultate
Anzahl Personen mit jedem Resultat
Perzentil nach korrekt beantworteten Fragen
Ihre Resultats-Entwicklung
Sie haben dieses Quiz noch nicht gespielt